<?xml version="1.0" encoding="UTF-8"?><?xml-stylesheet type="text/xsl" href="static/style.xsl"?><OAI-PMH xmlns="http://www.openarchives.org/OAI/2.0/" xmlns:xsi="http://www.w3.org/2001/XMLSchema-instance" xsi:schemaLocation="http://www.openarchives.org/OAI/2.0/ http://www.openarchives.org/OAI/2.0/OAI-PMH.xsd"><responseDate>2026-06-30T02:01:35Z</responseDate><request verb="GetRecord" identifier="oai:repisalud.isciii.es:20.500.12105/19838" metadataPrefix="marc">https://repisalud.isciii.es/rest/oai/request</request><GetRecord><record><header><identifier>oai:repisalud.isciii.es:20.500.12105/19838</identifier><datestamp>2024-09-27T16:51:19Z</datestamp><setSpec>com_20.500.12105_2052</setSpec><setSpec>com_20.500.12105_2051</setSpec><setSpec>col_20.500.12105_19608</setSpec><setSpec>col_20.500.12105_19618</setSpec></header><metadata><record xmlns="http://www.loc.gov/MARC21/slim" xmlns:dcterms="http://purl.org/dc/terms/" xmlns:doc="http://www.lyncode.com/xoai" xmlns:xsi="http://www.w3.org/2001/XMLSchema-instance" xsi:schemaLocation="http://www.loc.gov/MARC21/slim http://www.loc.gov/standards/marcxml/schema/MARC21slim.xsd">
   <leader>00925njm 22002777a 4500</leader>
   <datafield ind2=" " ind1=" " tag="042">
      <subfield code="a">dc</subfield>
   </datafield>
   <datafield ind2=" " ind1=" " tag="720">
      <subfield code="a">Cárdenas, P</subfield>
      <subfield code="e">author</subfield>
   </datafield>
   <datafield ind2=" " ind1=" " tag="720">
      <subfield code="a">Rodriguez-Blazquez, Carmen</subfield>
      <subfield code="e">author</subfield>
   </datafield>
   <datafield ind2=" " ind1=" " tag="720">
      <subfield code="a">Forjaz, Maria João</subfield>
      <subfield code="e">author</subfield>
   </datafield>
   <datafield ind2=" " ind1=" " tag="720">
      <subfield code="a">Ayala, Alba</subfield>
      <subfield code="e">author</subfield>
   </datafield>
   <datafield ind2=" " ind1=" " tag="720">
      <subfield code="a">Fernandez-Mayoralas, Gloria</subfield>
      <subfield code="e">author</subfield>
   </datafield>
   <datafield ind2=" " ind1=" " tag="720">
      <subfield code="a">Rojo Pérez, Fermina</subfield>
      <subfield code="e">author</subfield>
   </datafield>
   <datafield ind2=" " ind1=" " tag="720">
      <subfield code="a">Sánchez-González, D</subfield>
      <subfield code="e">author</subfield>
   </datafield>
   <datafield ind2=" " ind1=" " tag="720">
      <subfield code="a">Rodríguez-Rodríguez, Vicente</subfield>
      <subfield code="e">author</subfield>
   </datafield>
   <datafield ind2=" " ind1=" " tag="260">
      <subfield code="c">2023</subfield>
   </datafield>
   <datafield ind2=" " ind1=" " tag="520">
      <subfield code="a">Antecedentes/Objetivos: El miedo al COVID-19 es un sentimiento cuya percepción puede influir en la salud mental y comportamiento, como se ha mostrado en la literatura reciente. El objetivo de la investigación es analizar factores condicionantes de miedo a COVID-19 y su influencia en el cumplimiento de medidas de protección de mayores que viven en residencias. Métodos: Se usó la encuesta del proyecto Residencias y COVID-19: entornos de las personas mayores, protectores en situaciones de emergencia sanitaria, transversal y representativa, realizada entre junio-octubre de 2021 en la Comunidad de Madrid. Para esta aportación se utilizaron la Escala de miedo al COVID-19 (FCV-19S) y variables adecuadas para medir características sociodemográficas, de salud, emocionales y de comportamiento de las personas entrevistadas. Se aplicó análisis de regresión lineal múltiple (ARLM) para explorar las asociaciones con el miedo y modelos de regresión logística (Logit) para examinar el rol del miedo sobre el cumplimiento de medidas preventivas. Resultados: La edad media fue 83,8 años, el 63,1% eran mujeres, el 45,2% había tenido infección previa por COVID-19 y el 60,3% estaba preocupado por la pandemia. La media de la FCV-19S fue 18,36 puntos (DE: 8,28, rango: 7-35). Las variables asociadas con el miedo en el modelo ARLM (varianza explicada:34%) fueron ser mujer (b = 0,124, p =0,015), tener un nivel de educación más bajo (b = 0,223, p &lt; 0,001), satisfacción más baja con la vida (b = 0,120, p = 0,021), con los cuidados en la residencia (b = 0,307, p &lt; 0,001), y mayor preocupación por la pandemia (b = 0,513, p &lt; 0,001). Los modelos Logit mostraron que el miedo al COVID-19 se asoció al cumplimiento de las medidas preventivas, como uso de mascarillas (OR = 1,101, IC95% = 1,047-1,159), lavado de manos (OR = 1,101, IC95% = 1,033-1,174) y evitar contacto físico (OR = 1,061, IC95% = 1,034-1.088). Conclusiones/Recomendaciones: El miedo al COVID-19 estuvo relacionado significativamente con el sexo y factores subjetivos como la satisfacción con la vida y la preocupación por la pandemia, e influyó en el comportamiento preventivo de las personas mayores en residencias. El diseño y aplicación de intervenciones destinadas a reducir el miedo y promover el cumplimiento de medidas preventivas en situaciones de emergencia sanitaria podrían mejorar la salud mental y el bienestar de población mayor institucionalizada.</subfield>
   </datafield>
   <datafield ind1="8" ind2=" " tag="024">
      <subfield code="a">Gac Sanit. 2023;37(S1):92-92.</subfield>
   </datafield>
   <datafield ind1="8" ind2=" " tag="024">
      <subfield code="a">Gac Sanit.</subfield>
   </datafield>
   <datafield ind1="8" ind2=" " tag="024">
      <subfield code="a">http://hdl.handle.net/20.500.12105/19838</subfield>
   </datafield>
   <datafield tag="653" ind2=" " ind1=" ">
      <subfield code="a">COVID-19</subfield>
   </datafield>
   <datafield tag="653" ind2=" " ind1=" ">
      <subfield code="a">Pandemia</subfield>
   </datafield>
   <datafield tag="653" ind2=" " ind1=" ">
      <subfield code="a">Pandemia COVID-19</subfield>
   </datafield>
   <datafield tag="653" ind2=" " ind1=" ">
      <subfield code="a">Personas mayores</subfield>
   </datafield>
   <datafield tag="653" ind2=" " ind1=" ">
      <subfield code="a">Residencias</subfield>
   </datafield>
   <datafield tag="653" ind2=" " ind1=" ">
      <subfield code="a">Residencias de mayores</subfield>
   </datafield>
   <datafield tag="653" ind2=" " ind1=" ">
      <subfield code="a">Salud mental</subfield>
   </datafield>
   <datafield tag="653" ind2=" " ind1=" ">
      <subfield code="a">Comunidad de Madrid</subfield>
   </datafield>
   <datafield tag="653" ind2=" " ind1=" ">
      <subfield code="a">España</subfield>
   </datafield>
   <datafield ind2="0" ind1="0" tag="245">
      <subfield code="a">Escala de miedo al COVID-19 y sus factores asociados en residencias de mayores en la Comunidad de Madrid</subfield>
   </datafield>
</record></metadata></record></GetRecord></OAI-PMH>